NFL starting QBs - 2020 season - Statistics

General Stats
  • This quiz has been taken 98 times
  • The average score is 43 of 58
Answer Stats
Team Games Answer % Correct
LV 16 Derek Carr
100%
ATL 16 Matt Ryan
100%
GB 16 Aaron Rodgers
99%
CIN 5 Brandon Allen
99%
LAR 15 Jared Goff
99%
BUF 16 Josh Allen
99%
WAS 4 Kyle Allen
99%
ARI 16 Kyler Murray
99%
BAL 15 Lamar Jackson
99%
KC 15 Patrick Mahomes
99%
SEA 16 Russell Wilson
99%
TB 16 Tom Brady
99%
CLE 16 Baker Mayfield
98%
PIT 15 Ben Roethlisberger
98%
NO 12 Drew Brees
98%
TEN 16 Ryan Tannehill
98%
MIN 16 Kirk Cousins
97%
DET 16 Matthew Stafford
97%
NYG 14 Daniel Jones
96%
HOU 16 Deshaun Watson
96%
NE 15 Cam Newton
95%
PHI 12 Carson Wentz
95%
LAC 15 Justin Herbert
95%
CIN 10 Joe Burrow
94%
SF 6 Jimmy Garoppolo
91%
DAL 9 Andy Dalton
90%
IND 16 Phillip Rivers
90%
DAL 5 Dak Prescott
89%
MIA 9 Tua Tagovailoa
88%
DEN 13 Drew Lock
87%
NYJ 12 Sam Darnold
85%
CHI 7 Nick Foles
84%
CHI 9 Mitchell Trubisky
81%
JAX 8 Gardner Minshew
80%
MIA 7 Ryan Fitzpatrick
80%
CAR 15 Teddy Bridgewater
77%
WAS 6 Alex Smith
73%
PHI 4 Jalen Hurts
73%
NO 8 Taysom Hill
72%
LAC 1 Tyrod Taylor
69%
WAS 6 Dwayne Haskins
64%
NYJ 4 Joe Flacco
56%
PIT 1 Mason Rudolph
54%
KC 1 Chad Henne
52%
SF 8 Nick Mullens
51%
BAL 1 Robert Griffin III
48%
JAX 5 Mike Glennon
44%
NE 1 Brian Hoyer
43%
CAR 1 Phillip Walker
40%
SF 2 C.J. Beathard
39%
DAL 1 Ben DiNucci
33%
NYG 2 Colt McCoy
30%
LAR 1 John Wolford
24%
DEN 1 Brett Rypien
23%
JAX 3 Jake Luton
23%
DEN 1 Jeff Driskel
21%
DAL 1 Garrett Gilbert
19%
CIN 1 Ryan Finley
19%
No matching quizzes found
Score Distribution
Percent of People with Each Score
Percentile by Number Answered
Your Score History
You have not taken this quiz